[Event "Daventry 4NCL Easter op-A 3rd"]
[Site "Daventry"]
[Date "2023.04.09"]
[Round "5"]
[White "Pyda, Arjun"]
[Black "Briggs, John Nicholas"]
[Result "1/2-1/2"]
[WhiteElo "1692"]
[BlackElo "1994"]
[PlyCount "62"]
[EventDate "2023.04.07"]
[EventType "swiss"]
[EventRounds "7"]
[EventCountry "ENG"]
[SourceTitle "CBM 213 Extra"]
[Source "ChessBase"]
[SourceDate "2023.05.31"]
[SourceVersion "1"]
[SourceVersionDate "2023.05.31"]
[SourceQuality "1"]

1. e4 d6 2. d4 Nf6 3. Nc3 Nbd7 4. Nf3 e5 5. Bc4 Be7 6. 0-0 0-0 7. h3 c6 8. dxe5 dxe5 9. Be3 b5 10. Bd3 Qc7 11. a3 Bc5 12. Qe2 Re8 13. Rad1 a5 14. a4 b4 15. Nb1 Bxe3 16. Qxe3 Nf8 17. Nbd2 Ng6 18. Nc4 Be6 19. b3 Rad8 20. Rfe1 c5 21. Ng5 Rd4 22. Nxe6 Rxe6 23. g3 Nd7 24. Nd2 Nb8 25. Nf3 Rd8 26. Bc4 Red6 27. Rd5 Nd7 28. Ng5 Nh8 29. Nf3 Ng6 30. Ng5 Nh8 31. Nf3 Ng6 1/2-1/2

[Event "Daventry 4NCL Easter op-A 3rd"]
[Site "Daventry"]
[Date "2023.04.08"]
[Round "2"]
[White "Briggs, John Nicholas"]
[Black "Liu, Jason1"]
[Result "0-1"]
[WhiteElo "1994"]
[BlackElo "1965"]
[PlyCount "66"]
[EventDate "2023.04.07"]
[EventType "swiss"]
[EventRounds "7"]
[EventCountry "ENG"]
[SourceTitle "CBM 213 Extra"]
[Source "ChessBase"]
[SourceDate "2023.05.31"]
[SourceVersion "1"]
[SourceVersionDate "2023.05.31"]
[SourceQuality "1"]

1. Nf3 Nf6 2. d3 d5 3. Nbd2 Bg4 4. e4 dxe4 5. dxe4 Nbd7 6. Be2 e5 7. 0-0 Bc5 8. Ng5 Bxe2 9. Qxe2 0-0 10. Ngf3 Re8 11. Nc4 Qe7 12. Bg5 Qe6 13. Rad1 b5 14. Bxf6 Nxf6 15. Ncd2 Rab8 16. a3 Nh5 17. Nh4 Nf4 18. Qf3 g6 19. Kh1 Be7 20. g3 Bxh4 21. gxf4 exf4 22. c3 Qe5 23. Rde1 Rbd8 24. Nb3 c5 25. Qg4 Bf6 26. Qf3 Re6 27. Qe2 a6 28. f3 Red6 29. Rd1 b4 30. axb4 cxb4 31. Nd4 bxc3 32. bxc3 Qc5 33. Nb3 Qxc3 0-1

[Event "London Central op"]
[Site "London"]
[Date "2022.11.06"]
[Round "5"]
[White "Briggs, John Nicholas"]
[Black "Wilks, Simon"]
[Result "1/2-1/2"]
[WhiteElo "2010"]
[BlackElo "2061"]
[PlyCount "61"]
[EventDate "2022.11.04"]
[EventType "swiss"]
[EventRounds "5"]
[EventCountry "ENG"]
[SourceTitle "EXT 2024"]
[Source "ChessBase"]
[SourceDate "2023.10.10"]
[SourceVersion "1"]
[SourceVersionDate "2023.10.10"]
[SourceQuality "1"]

1. d4 Nf6 2. c4 e6 3. Nf3 d5 4. g3 Be7 5. Bg2 0-0 6. 0-0 dxc4 7. Qa4 a6 8. Qxc4 b5 9. Qc2 Bb7 10. Bg5 Nbd7 11. Rd1 h6 12. Bxf6 Nxf6 13. Nbd2 Rc8 14. Nb3 Be4 15. Qc1 c6 16. Nc5 Bxc5 17. Qxc5 Nd7 18. Qa3 a5 19. Qe3 Bd5 20. Ne1 Qb6 21. Nd3 Bxg2 22. Kxg2 c5 23. dxc5 Nxc5 24. Nxc5 Rxc5 25. Rac1 Qc6+ 26. f3 Rc2 27. Rxc2 Qxc2 28. Rd2 Qc6 29. Qd4 Rc8 30. Kf2 Qc5 31. Qxc5 1/2-1/2

[Event "London Central op"]
[Site "London"]
[Date "2022.11.05"]
[Round "2"]
[White "Briggs, John Nicholas"]
[Black "Farrand, Tom"]
[Result "0-1"]
[WhiteElo "2010"]
[BlackElo "2137"]
[PlyCount "118"]
[EventDate "2022.11.04"]
[EventType "swiss"]
[EventRounds "5"]
[EventCountry "ENG"]
[SourceTitle "EXT 2024"]
[Source "ChessBase"]
[SourceDate "2023.10.10"]
[SourceVersion "1"]
[SourceVersionDate "2023.10.10"]
[SourceQuality "1"]

1. Nf3 e6 2. d3 c5 3. e4 Nc6 4. Nbd2 d6 5. c3 g6 6. Be2 Bg7 7. 0-0 Nge7 8. Re1 0-0 9. Bf1 Rb8 10. Nb3 e5 11. d4 cxd4 12. cxd4 Bg4 13. d5 Na5 14. Nbd2 b6 15. h3 Bc8 16. b4 Nb7 17. Nb1 h6 18. Nc3 f5 19. Nd2 Kh8 20. f3 Ng8 21. Nb5 Ra8 22. Qc2 Rf7 23. Bb2 a6 24. Nc3 Nf6 25. exf5 gxf5 26. f4 e4 27. Nc4 b5 28. Ne3 Nh5 29. Qf2 Bf6 30. Be2 Ng7 31. g3 Bd7 32. Rac1 Rc8 33. Ncd1 Rxc1 34. Bxc1 Be8 35. Bb2 Rc7 36. Bxf6 Qxf6 37. g4 Nd8 38. Kh1 Bf7 39. Rg1 Bg8 40. Qg2 Bh7 41. g5 Qg6 42. Qf1 Nf7 43. h4 Rc1 44. Qe1 Nh5 45. Qf2 Ng7 46. a4 bxa4 47. Bxa6 hxg5 48. fxg5 a3 49. Qd2 Rb1 50. Be2 f4 51. Qa2 Rxb4 52. Qxa3 Rb8 53. Qa7 Rg8 54. Qa1 Ne5 55. Nc4 f3 56. Nxe5 dxe5 57. Ne3 Qh5 58. Qe1 fxe2 59. Rg2 Nf5 0-1

[Event "London Central op"]
[Site "London"]
[Date "2022.11.05"]
[Round "3"]
[White "Lundback, Anders"]
[Black "Briggs, John Nicholas"]
[Result "1/2-1/2"]
[WhiteElo "1811"]
[BlackElo "2010"]
[PlyCount "82"]
[EventDate "2022.11.04"]
[EventType "swiss"]
[EventRounds "5"]
[EventCountry "ENG"]
[SourceTitle "EXT 2024"]
[Source "ChessBase"]
[SourceDate "2023.10.10"]
[SourceVersion "1"]
[SourceVersionDate "2023.10.10"]
[SourceQuality "1"]

1. d4 d6 2. e4 Nf6 3. Bd3 e5 4. c3 Be7 5. h3 Nbd7 6. Nf3 0-0 7. 0-0 c6 8. a4 b6 9. Re1 a6 10. Nbd2 Bb7 11. Nc4 Qc7 12. Bg5 b5 13. Ne3 Rfe8 14. Nf5 Bf8 15. Bh4 g6 16. dxe5 dxe5 17. Ne3 Bg7 18. Bc2 Nc5 19. Nf1 Ne6 20. Bb3 h6 21. Qc2 Nc5 22. Rad1 Nxb3 23. Qxb3 Rad8 24. Bg3 Nh5 25. Bh4 Bf6 26. Bxf6 Nxf6 27. Ng3 Kg7 28. c4 Rxd1 29. Rxd1 bxa4 30. Qxa4 c5 31. Qc2 Qc6 32. Re1 Qc7 33. Qc3 Bc6 34. Nd2 Nd7 35. f4 f6 36. f5 g5 37. Qf3 Nf8 38. Ndf1 Rd8 39. Ne3 Rd4 40. Nh5+ Kf7 41. Ng3 Kg7 1/2-1/2

[Event "BCF-chT1a 1415 (4NCL)"]
[Site "England"]
[Date "2015.01.11"]
[Round "4.148"]
[White "Lochte, Szilvia"]
[Black "Briggs, John Nicholas"]
[Result "0-1"]
[WhiteElo "1934"]
[BlackElo "1970"]
[PlyCount "68"]
[EventDate "2014.11.15"]
[EventType "team-swiss"]
[EventRounds "11"]
[EventCountry "ENG"]
[SourceTitle "EXT 2016"]
[Source "ChessBase"]
[SourceDate "2015.10.08"]
[SourceVersion "1"]
[SourceVersionDate "2015.10.08"]
[SourceQuality "1"]
[WhiteTeam "South Wales Dragons"]
[BlackTeam "The ADS"]
[WhiteTeamCountry "ENG"]
[BlackTeamCountry "ENG"]

1. d4 d6 2. e4 g6 3. Nc3 c6 4. Be2 Bg7 5. Be3 Nf6 6. h3 0-0 7. Nf3 Qc7 8. Qd2 Nbd7 9. 0-0 b5 10. a3 a6 11. Bh6 Re8 12. Bxg7 Kxg7 13. Rad1 Bb7 14. Qe3 e5 15. dxe5 dxe5 16. Rd2 a5 17. Rfd1 b4 18. Na4 c5 19. Bc4 Ba6 20. Qb3 Bxc4 21. Qxc4 Nb6 22. Nxb6 Qxb6 23. Rd6 Qc7 24. a4 Re7 25. g4 h6 26. b3 Rae8 27. Nh2 Rd7 28. Rxd7 Nxd7 29. Rd5 Rc8 30. Qd3 Nf6 31. Rd6 Nxe4 32. Rd7 Qc6 33. Nf3 Re8 34. Rd5 Nxf2 0-1

[Event "BCF-chT1a 1415 (4NCL)"]
[Site "England"]
[Date "2015.01.10"]
[Round "3.148"]
[White "Briggs, John Nicholas"]
[Black "Townsend, M Paul"]
[Result "0-1"]
[WhiteElo "1970"]
[BlackElo "2249"]
[PlyCount "42"]
[EventDate "2014.11.15"]
[EventType "team-swiss"]
[EventRounds "11"]
[EventCountry "ENG"]
[SourceTitle "EXT 2016"]
[Source "ChessBase"]
[SourceDate "2015.10.08"]
[SourceVersion "1"]
[SourceVersionDate "2015.10.08"]
[SourceQuality "1"]
[WhiteTeam "The ADS"]
[BlackTeam "White Rose"]
[WhiteTeamCountry "ENG"]
[BlackTeamCountry "ENG"]

1. Nf3 Nf6 2. c4 e6 3. Nc3 d5 4. d4 Bb4 5. cxd5 exd5 6. Bg5 h6 7. Bxf6 Qxf6 8. Qb3 c5 9. e3 0-0 10. Be2 Nc6 11. 0-0 c4 12. Qa4 Rd8 13. e4 dxe4 14. Nxe4 Qe7 15. Ng3 Nxd4 16. Nxd4 Rxd4 17. Rad1 Rxd1 18. Rxd1 Be6 19. a3 Bc5 20. Bxc4 Bxf2+ 21. Kh1 Qh4 0-1

[Event "Margate Thanet op"]
[Site "Margate"]
[Date "2014.08.15"]
[Round "1"]
[White "McAllan, Ian"]
[Black "Briggs, John Nicholas"]
[Result "0-1"]
[WhiteElo "1998"]
[BlackElo "1955"]
[PlyCount "60"]
[EventDate "2014.08.15"]
[EventType "swiss"]
[EventRounds "5"]
[EventCountry "ENG"]
[SourceTitle "EXT 2019"]
[Source "ChessBase"]
[SourceDate "2018.10.10"]
[SourceVersion "1"]
[SourceVersionDate "2018.10.10"]
[SourceQuality "1"]

1. e4 g6 2. d4 d6 3. Nc3 c6 4. f4 d5 5. e5 h5 6. Nf3 Nh6 7. Bd3 Bg4 8. h3 Bxf3 9. Qxf3 e6 10. Qf2 h4 11. 0-0 Nf5 12. Bxf5 gxf5 13. Be3 Nd7 14. Ne2 Qa5 15. Nc1 Qc7 16. Nd3 Be7 17. c3 Rg8 18. Rfc1 Rg3 19. Rc2 f6 20. Rd1 0-0-0 21. Qe1 Rdg8 22. Kh1 fxe5 23. dxe5 c5 24. c4 d4 25. Bg1 Qc6 26. Qf1 Rxh3+ 27. Bh2 Re3 28. Ne1 h3 29. Nf3 Rxg2 30. Rxg2 Rxf3 0-1